000 00481nam a2200181Ia 4500
001 18341
005 20260306171623.0
008 260306s9999||||xx |||||||||||||| ||und||
041 _aESP
082 _a658.4033
_bA59
100 _aAnderson, David R.
_eAUT
245 3 _aAn introduction to management science:
_bquantitative approaches to decision making
260 _c2018
300 _a760 páginas :
_c28 cm.
650 _aGEN
654 _aCAN
942 _cLIB
_dJUS
_fJUS
_2ddc
_n
999 _c18341
_d18341